01432nam a2200337 a 4500001001000000003000500010005001700015008004100032010001100073011001100084040000900095090001000104100004200114245013900156260004100295500006000336502008200396590004000478590004000518650003400558650004100592650005100633650003200684856007000716901000700786942001000793942000600803999001900809952013100828952013500959000113218CHAP20220329144344.0170518s2016 mx a fsm |||||||spa d a109679 a110651 cCHAP aTesis1 aMartínez Juárez, Graciela913226310aSelección de un sitio para relleno sanitario en el municipio de Acatzingo, Puebla /h[En línea]cpor Graciela Martínez Juárez. aChapingo, Méx. :bEl autor,c2016. aPara ver el contenido del material haga clic en la liga aTesis (Ing. en Recursos Naturales Renovables) -- UACH. Departamento de suelos aE8697GMMb05c20170518lUCH01h0847 aE8697GMMb05c20170518lUCH01h101114aBasuraxEliminación.91075914aResiduos sólidosxControl.913227414aResiduos sólidosxImpacto ambiental.913227514aSuelosxAnálisis.9110204 aFinding aiduhttp://10.13.5.2/tesis/sist113218.pdfzTeclea aquí aBK cTESIS n0 c109679d109679 00104054718TESISaBCbBCd2017-05-18fTESISl0oTesisp113220-10r2019-12-31 00:00:00w2019-12-31yTESISzRecien adquirido 00102local4053708TESISaBCbBCcPA_TESISd2017-05-18fTESISl0oTesisp113220-20r2019-12-31 00:00:00tc.2w2019-12-31yTESIS